00342nam a2200133Ia 450000500170000000800410001704100080005808200160006610000220008224500350010426000480013930000090018765000120019620250729165728.0250729s2012 xx 000 0 und d aeng a420.25 GOVE aGovt of Karnataka aEnglish 2nd Language - 8th Std aBangalorebKarnataka Text Book Socityc2012 a152p aEnglish